| 000 | 00616cam a2200217 i 4500 | ||
|---|---|---|---|
| 001 | 410597 | ||
| 005 | 20180302033901.0 | ||
| 008 | 801030s1982 maua b 001 0 eng | ||
| 010 | _a 80026718 | ||
| 020 |
_a0201000369 : _c$27.95 (est.) |
||
| 040 |
_aDLC _cDLC _dDLC |
||
| 041 | _aeng | ||
| 080 | _a620.0044 | ||
| 082 | 0 | 0 |
_a620.0044 BEC _219 |
| 100 | 1 | _a27 | |
| 101 | _aMEK | ||
| 245 | 1 | 0 |
_aMechanical measurements / _cThomas G. Beckwith, N. Lewis Buck, Roy D. Marangoni. |
| 504 | _aIncludes bibliographical references and index. | ||
| 906 |
_a7 _bcbc _corignew _du _eocip _f19 _gy-gencatlg |
||
| 942 |
_2ddc _cBK |
||
| 999 |
_c43928 _d43928 |
||